Japanese tradition and Western law : Emperor, state, and law in the thought of Hozumi Yatsuka

Uloženo v:
Podrobná bibliografie
Hlavní autor: Minear, Richard H.
Médium: Kniha
Jazyk:Undetermined
Vydáno: Cambridge Harvard University Press 1970
Témata:
Tagy: Přidat tag
Žádné tagy, Buďte první, kdo otaguje tento záznam!
Thư viện lưu trữ: Trung tâm Học liệu Trường Đại học Cần Thơ
LEADER 00591nam a2200205Ia 4500
001 CTU_107276
008 210402s9999 xx 000 0 und d
082 |a 342.952 
082 |b M664 
100 |a Minear, Richard H. 
245 0 |a Japanese tradition and Western law : 
245 0 |b Emperor, state, and law in the thought of Hozumi Yatsuka 
245 0 |c Richard H. Minear 
260 |a Cambridge 
260 |b Harvard University Press 
260 |c 1970 
650 |a Constitutional law 
650 |z Japan 
904 |i Truc 
980 |a Trung tâm Học liệu Trường Đại học Cần Thơ